El cocinero del diablo / (Record no. 51729)

MARC details
000 -LEADER
campo de control de longitud fija 00562nam a2200193 i 4500
001 - NÚMERO DE CONTROL
campo de control 51729
003 - IDENTIFICADOR DE NÚMERO DE CONTROL
campo de control ES-MaACL
005 - FECHA Y HORA DE LA ÚLTIMA TRANSACCIÓN
campo de control 20251114150613.0
007 - CAMPO FIJO DE DESCRIPCIÓN FÍSICA--INFORMACIÓN GENERAL
campo de control de longitud fija t|
008 - DATOS DE LONGITUD FIJA--INFORMACIÓN GENERAL
campo de control de longitud fija 030818s1976 sp ||||1| spa d
100 1# - ENTRADA PRINCIPAL--NOMBRE DE PERSONA
Nombre de persona Queen, Ellery.
9 (RLIN) 94493
245 13 - MENCIÓN DEL TÍTULO
Título El cocinero del diablo /
Mención de responsabilidad, etc. Ellery Queen ; [traducción Miguel Giménez Sales].
250 ## - MENCION DE EDICION
Mención de edición [1ª ed.].
260 ## - PUBLICACIÓN, DISTRIBUCIÓN, ETC.
Lugar de publicación, distribución, etc. [Barcelona :
Nombre del editor, distribuidor, etc. Picazo,
Fecha de publicación, distribución, etc. 1972]
300 ## - DESCRIPCIÓN FÍSICA
Extensión 194 p. ;
Dimensiones 18 cm.
700 1# - ENTRADA AGREGADA--NOMBRE PERSONAL
Nombre de persona Giménez Sales, Miguel,
Fechas asociadas al nombre 1922-
9 (RLIN) 57067
852 ## - LOCALIZACIÓN
Ubicación ES-MaACL
Número de control de estantería C-52700
Sublocalización o colección R.83034
Holdings
Estatus retirado Estado de pérdida Estado de daño No para préstamo Biblioteca de origen Biblioteca actual Ubicación en estantería Fecha de adquisición Fuente de adquisición Total de préstamos Signatura topográfica completa Código de barras Visto por última vez Precio de reemplazo Tipo de ítem Koha
        Biblioteca del Ateneo de Madrid Biblioteca del Ateneo de Madrid Depósito 2 17/01/2008     C-52700 1054397 23/02/2023 23/02/2023 Libro impreso